[Event "38th Barczay Memorial 2019"]
[Site "Zalakaros"]
[Date "2019.05.25"]
[Round "3.5"]
[White "Bagi, Mate"]
[Black "Pasztor, Ferenc"]
[Result "1-0"]
[WhiteElo "2450"]
[BlackElo "2225"]
[Annotator "ChessBase"]
[PlyCount "56"]
[EventDate "2019.05.23"]
[EventType "swiss"]
[EventCountry "HUN"]
[SourceTitle "playchess.com"]
[Source "ChessBase"]
[SourceQuality "1"]
[TimeControl "40/5400+30:1800+30"]

1. e4 {[%emt 0:03:26]} e5 {[%emt 0:00:38]} 2. Nf3 {[%emt 0:00:18]} Nf6 {[%emt 0:00:07]} 3. Nc3 {[%emt 0:02:22]} Bb4 {[%emt 0:00:22]} 4. Nxe5 {[%emt 0:01:16]} O-O {[%emt 0:00:28]} 5. Be2 {[%emt 0:01:24]} Re8 {[%emt 0:00:37]} 6. Nd3 {[%emt 0:00:15]} Bxc3 {[%emt 0:00:23]} 7. dxc3 {[%emt 0:00:08]} Nxe4 {[%emt 0:00:15]} 8. Nf4 {[%emt 0:01:02]} d6 {[%emt 0:01:10]} 9. O-O {[%emt 0:00:34]} Nc6 {[%emt 0:00:38]} 10. c4 {[%emt 0:04:22]} Ne5 {[%emt 0:07:13]} 11. a4 {[%emt 0:04:44]} a5 {[%emt 0:04:09]} 12. Ra3 {[%emt 0:03:24]} Bd7 {[%emt 0:07:23]} 13. Re3 {[%emt 0:03:28]} Ng6 {[%emt 0:08:53]} 14. Nxg6 {[%emt 0:02:56]} hxg6 {[%emt 0:00:09]} 15. b3 {[%emt 0:02:05]} Qf6 {[%emt 0:04:52]} 16. Bf3 {[%emt 0:02:57]} Nc5 {[%emt 0:05:32]} 17. Rfe1 {[%emt 0:04:14]} Rad8 {[%emt 0:19:52]} 18. Bd2 {[%emt 0:03:04]} Rxe3 {[%emt 0:12:29]} 19. Rxe3 {[%emt 0:00:32]} b6 {[%emt 0:02:09]} 20. Bc3 {[%emt 0:00:59]} Qg5 {[%emt 0:01:06]} 21. Qd4 {[%emt 0:05:30]} f6 {[%emt 0:08:01]} 22. h4 {[%emt 0:04:24]} Qf5 {[%emt 0:04:51]} 23. Bd5+ {[%emt 0:06:40]} Kh7 {[%emt 0:04:57]} 24. Re7 {[%emt 0:05:35]} Rf8 {[%emt 0:00:54]} 25. Qe3 {[%emt 0:05:27]} Rg8 {[%emt 0:03:35]} 26. Bd4 {[%emt 0:03:42]} c6 {[%emt 0:01:04]} 27. Bxg8+ {[%emt 0:00:17]} Kxg8 {[%emt 0:00:04]} 28. Bxc5 {[%emt 0:01:06]} bxc5 {[%emt 0:00:43]} 1-0

[Event "38th Barczay Memorial 2019"]
[Site "Zalakaros"]
[Date "2019.05.25"]
[Round "3.6"]
[White "Peczely, Sebastian Zsombor"]
[Black "Czebe, Attila"]
[Result "1-0"]
[WhiteElo "2245"]
[BlackElo "2427"]
[Annotator "NA"]
[PlyCount "49"]
[EventDate "2019.05.23"]
[EventType "swiss"]
[EventCountry "HUN"]
[SourceTitle "playchess.com"]
[Source "ChessBase"]
[SourceQuality "1"]
[TimeControl "40/5400+30:1800+30"]

1. e4 {[%emt 0:02:18]} c5 {[%emt 0:01:36]} 2. Nf3 {[%emt 0:00:05]} e6 {[%emt 0:00:19]} 3. d4 {[%emt 0:00:04]} cxd4 {[%emt 0:00:04]} 4. Nxd4 {[%emt 0:00:05]} a6 {[%emt 0:00:06]} 5. Bd3 {[%emt 0:00:04]} Ne7 {[%emt 0:00:31]} 6. Nc3 {[%emt 0:01:55]} g6 {[%emt 0:00:57]} 7. Be3 {[%emt 0:01:19]} Bg7 {[%emt 0:00:11]} 8. Qd2 {[%emt 0:01:42]} O-O {[%emt 0:01:12]} 9. h4 {[%emt 0:01:24]} d5 {[%emt 0:02:59]} 10. f4 {[%emt 0:10:48]} dxe4 {[%emt 0:00:58]} 11. Bxe4 {[%emt 0:00:06]} Nf5 {[%emt 0:07:54]} 12. O-O-O {[%emt 0:16:17]} Ng3 {[%emt 0:01:27]} 13. Qe1 {[%emt 0:02:27]} Nxh1 {[%emt 0:00:34]} 14. Nxe6 {[%emt 0:00:47]} Bxe6 {[%emt 0:12:34]} 15. Rxd8 {[%emt 0:00:12]} Rxd8 {[%emt 0:00:03]} 16. Bxb7 {[%emt 0:03:34]} Nd7 {[%emt 0:00:10]} 17. Bxa8 {[%emt 0:00:09]} Rxa8 {[%emt 0:00:19]} 18. Qxh1 {[%emt 0:01:33]} Re8 {[%emt 0:00:06]} 19. Qg1 {[%emt 0:02:40]} Bxc3 {[%emt 0:00:53]} 20. bxc3 {[%emt 0:00:05]} Bxa2 {[%emt 0:00:02]} 21. Bd4 {[%emt 0:00:51]} Bc4 {[%emt 0:00:03]} 22. f5 {[%emt 0:01:48]} f6 {[%emt 0:01:47]} 23. Qh2 {[%emt 0:00:48]} Ne5 {[%emt 0:00:25]} 24. fxg6 {[%emt 0:00:51]} hxg6 {[%emt 0:00:07]} 25. Qf4 {[%emt 0:00:36]} 1-0

[Event "38th Barczay Memorial 2019"]
[Site "Zalakaros"]
[Date "2019.05.25"]
[Round "3.7"]
[White "Gschnitzer, Adrian"]
[Black "Pasztor, Balazs"]
[Result "1-0"]
[WhiteElo "2419"]
[BlackElo "2215"]
[Annotator "NA"]
[PlyCount "41"]
[EventDate "2019.05.23"]
[EventType "swiss"]
[EventCountry "HUN"]
[SourceTitle "playchess.com"]
[Source "ChessBase"]
[SourceQuality "1"]
[TimeControl "40/5400+30:1800+30"]

1. c4 {[%emt 0:00:03]} e5 {[%emt 0:00:10]} 2. Nc3 {[%emt 0:00:08]} Nc6 {[%emt 0:00:12]} 3. Nf3 {[%emt 0:00:09]} f5 {[%emt 0:00:37]} 4. g3 {[%emt 0:00:09]} Nf6 {[%emt 0:01:04]} 5. d4 {[%emt 0:00:19]} e4 {[%emt 0:02:36]} 6. Nh4 {[%emt 0:00:19]} d6 {[%emt 0:05:10]} 7. Bg5 {[%emt 0:01:41]} Be7 {[%emt 0:04:15]} 8. e3 {[%emt 0:02:19]} O-O {[%emt 0:06:31]} 9. Be2 {[%emt 0:00:10]} Bd7 {[%emt 0:06:21]} 10. Ng2 {[%emt 0:00:24]} a5 {[%emt 0:02:24]} 11. Nf4 {[%emt 0:01:12]} a4 {[%emt 0:06:01]} 12. h4 {[%emt 0:00:52]} a3 {[%emt 0:06:50]} 13. Rb1 {[%emt 0:10:09]} axb2 {[%emt 0:18:00]} 14. Rxb2 {[%emt 0:00:10]} b6 {[%emt 0:00:27]} 15. c5 {[%emt 0:02:08]} bxc5 {[%emt 0:05:47]} 16. Bc4+ {[%emt 0:01:13]} Kh8 {[%emt 0:02:27]} 17. Ng6+ {[%emt 0:00:19]} hxg6 {[%emt 0:00:20]} 18. h5 {[%emt 0:00:08]} Kh7 {[%emt 0:05:44]} 19. Nd5 {[%emt 0:06:47]} Ng4 {[%emt 0:04:50]} 20. Nf4 {[%emt 0:01:17]} gxh5 {[%emt 0:03:18]} 21. Qxg4 {[%emt 0:00:11]} 1-0

[Event "38th Barczay Memorial 2019"]
[Site "Zalakaros"]
[Date "2019.05.25"]
[Round "3.8"]
[White "Borsos, Bogdan"]
[Black "Almasi, Istvan"]
[Result "1-0"]
[WhiteElo "2217"]
[BlackElo "2407"]
[Annotator "NA"]
[PlyCount "102"]
[EventDate "2019.05.23"]
[EventType "swiss"]
[EventCountry "HUN"]
[SourceTitle "playchess.com"]
[Source "ChessBase"]
[SourceQuality "1"]
[TimeControl "40/5400+30:1800+30"]

1. e4 {[%emt 0:06:06]} d6 {[%emt 0:01:29]} 2. d4 {[%emt 0:00:31]} Nf6 {[%emt 0:00:04]} 3. Nc3 {[%emt 0:00:22]} g6 {[%emt 0:00:11]} 4. g3 {[%emt 0:00:07]} Bg7 {[%emt 0:00:35]} 5. Bg2 {[%emt 0:00:06]} O-O {[%emt 0:00:25]} 6. Nge2 {[%emt 0:00:09]} Nbd7 {[%emt 0:00:41]} 7. h3 {[%emt 0:00:50]} Rb8 {[%emt 0:01:02]} 8. a4 {[%emt 0:03:39]} c5 {[%emt 0:03:59]} 9. Be3 {[%emt 0:00:53]} b6 {[%emt 0:00:13]} 10. O-O {[%emt 0:00:48]} cxd4 {[%emt 0:00:23]} 11. Bxd4 {[%emt 0:01:50]} Bb7 {[%emt 0:05:01]} 12. Nd5 {[%emt 0:00:18]} e5 {[%emt 0:01:35]} 13. Be3 {[%emt 0:00:35]} Nxd5 {[%emt 0:00:34]} 14. exd5 {[%emt 0:00:10]} f5 {[%emt 0:00:25]} 15. c4 {[%emt 0:00:56]} g5 {[%emt 0:09:51]} 16. f4 {[%emt 0:02:01]} gxf4 {[%emt 0:05:42]} 17. gxf4 {[%emt 0:00:12]} Qh4 {[%emt 0:01:19]} 18. Nc3 {[%emt 0:09:43]} Rf6 {[%emt 0:10:42]} 19. Qe1 {[%emt 0:12:50]} Qxe1 {[%emt 0:02:50]} 20. Rfxe1 {[%emt 0:01:08]} Rg6 {[%emt 0:02:16]} 21. Kh2 {[%emt 0:00:25]} Nc5 {[%emt 0:01:59]} 22. Rad1 {[%emt 0:02:52]} e4 {[%emt 0:01:28]} 23. Bf1 {[%emt 0:02:13]} a6 {[%emt 0:03:55]} 24. Be2 {[%emt 0:08:55]} Bf6 {[%emt 0:03:01]} 25. Bh5 {[%emt 0:10:55]} Rg7 {[%emt 0:00:38]} 26. Rg1 {[%emt 0:00:49]} Kf8 {[%emt 0:06:56]} 27. Rxg7 {[%emt 0:02:17]} Bxg7 {[%emt 0:00:58]} 28. Rg1 {[%emt 0:04:40]} Bc8 {[%emt 0:02:22]} 29. Be2 {[%emt 0:10:53]} Bd7 {[%emt 0:01:47]} 30. Ra1 {[%emt 0:03:25]} Rc8 {[%emt 0:03:29]} 31. Ra2 {[%emt 0:00:33]} Nd3 {[%emt 0:02:09]} 32. Nd1 {[%emt 0:03:39]} Rxc4 {[%emt 0:03:20]} 33. b3 {[%emt 0:00:38]} Rc8 {[%emt 0:01:44]} 34. Rd2 {[%emt 0:01:08]} b5 {[%emt 0:03:30]} 35. Bxd3 {[%emt 0:03:01]} exd3 {[%emt 0:00:02]} 36. Nf2 {[%emt 0:01:36]} bxa4 {[%emt 0:04:06]} 37. bxa4 {[%emt 0:00:08]} Bxa4 {[%emt 0:00:57]} 38. Nxd3 {[%emt 0:00:09]} a5 {[%emt 0:04:21]} 39. Bb6 {[%emt 0:02:08]} Bc3 {[%emt 0:00:36]} 40. Rg2 {[%emt 0:00:00]} Bb5 {[%emt 0:00:00]} 41. Nc1 {[%emt 0:01:59]} Bf6 {[%emt 0:05:44]} 42. Nb3 {[%emt 0:00:41]} a4 {[%emt 0:02:20]} 43. Bd4 {[%emt 0:00:06]} Kf7 {[%emt 0:06:07]} 44. Bxf6 {[%emt 0:00:11]} Kxf6 {[%emt 0:00:09]} 45. Nd4 {[%emt 0:00:06]} Bd3 {[%emt 0:03:50]} 46. Rg3 {[%emt 0:01:54]} Be4 {[%emt 0:00:54]} 47. Nb5 {[%emt 0:01:09]} Rc2+ {[%emt 0:03:55]} 48. Kg1 {[%emt 0:00:06]} Bxd5 {[%emt 0:00:46]} 49. Nxd6 {[%emt 0:00:50]} Rg2+ {[%emt 0:01:16]} 50. Rxg2 {[%emt 0:00:09]} Bxg2 {[%emt 0:00:02]} 51. Ne8+ {[%emt 0:01:46]} Ke7 {[%emt 0:00:48]} 1-0

[Event "38th Barczay Memorial 2019"]
[Site "Zalakaros"]
[Date "2019.05.25"]
[Round "3.9"]
[White "Persanyi, Barnabas"]
[Black "Geher, Koppany"]
[Result "1-0"]
[WhiteElo "2404"]
[BlackElo "2113"]
[Annotator "NA"]
[PlyCount "71"]
[EventDate "2019.05.23"]
[EventType "swiss"]
[EventCountry "HUN"]
[SourceTitle "playchess.com"]
[Source "ChessBase"]
[SourceQuality "1"]
[TimeControl "40/5400+30:1800+30"]

1. Nf3 {[%emt 0:00:39]} Nf6 {[%emt 0:00:07]} 2. c4 {[%emt 0:00:19]} g6 {[%emt 0:00:09]} 3. Nc3 {[%emt 0:00:49]} Bg7 {[%emt 0:00:04]} 4. e4 {[%emt 0:01:01]} e5 {[%emt 0:00:05]} 5. Be2 {[%emt 0:01:27]} O-O {[%emt 0:00:23]} 6. O-O {[%emt 0:02:32]} Re8 {[%emt 0:01:56]} 7. d3 {[%emt 0:04:35]} Nc6 {[%emt 0:12:01]} 8. Rb1 {[%emt 0:03:17]} d6 {[%emt 0:03:08]} 9. b4 {[%emt 0:02:27]} Bg4 {[%emt 0:02:59]} 10. Ne1 {[%emt 0:10:33]} Be6 {[%emt 0:17:35]} 11. Nc2 {[%emt 0:02:03]} Nd4 {[%emt 0:02:29]} 12. Nxd4 {[%emt 0:01:30]} exd4 {[%emt 0:00:01]} 13. Nb5 {[%emt 0:02:12]} Bd7 {[%emt 0:33:00]} 14. Nxd4 {[%emt 0:03:43]} Nd5 {[%emt 0:00:13]} 15. cxd5 {[%emt 0:07:30]} Bxd4 {[%emt 0:00:03]} 16. Bb2 {[%emt 0:03:21]} Bxb2 {[%emt 0:02:25]} 17. Rxb2 {[%emt 0:00:08]} f5 {[%emt 0:00:10]} 18. Bf3 {[%emt 0:03:23]} Qf6 {[%emt 0:01:22]} 19. Rb1 {[%emt 0:03:35]} Rac8 {[%emt 0:12:15]} 20. Qc2 {[%emt 0:01:45]} c6 {[%emt 0:05:11]} 21. Qb2 {[%emt 0:06:09]} Kg7 {[%emt 0:02:17]} 22. dxc6 {[%emt 0:00:57]} Bxc6 {[%emt 0:02:16]} 23. b5 {[%emt 0:01:55]} Bd7 {[%emt 0:00:45]} 24. b6 {[%emt 0:10:34]} Qxb2 {[%emt 0:00:29]} 25. Rxb2 {[%emt 0:00:08]} axb6 {[%emt 0:00:31]} 26. Rxb6 {[%emt 0:02:59]} Bc6 {[%emt 0:00:02]} 27. exf5 {[%emt 0:00:25]} gxf5 {[%emt 0:00:01]} 28. Bxc6 {[%emt 0:01:00]} bxc6 {[%emt 0:00:02]} 29. Rc1 {[%emt 0:00:13]} Re2 {[%emt 0:01:25]} 30. g3 {[%emt 0:00:17]} Ra8 {[%emt 0:01:01]} 31. Rbxc6 {[%emt 0:00:49]} Raxa2 {[%emt 0:00:02]} 32. Rxd6 {[%emt 0:00:35]} Kf7 {[%emt 0:00:58]} 33. Rc7+ {[%emt 0:00:49]} Ke8 {[%emt 0:00:00]} 34. Rb6 {[%emt 0:00:19]} Kd8 {[%emt 0:01:00]} 35. Rxh7 {[%emt 0:00:12]} Kc8 {[%emt 0:00:08]} 36. Rf6 {[%emt 0:00:23]} 1-0

[Event "38th Barczay Memorial 2019"]
[Site "Zalakaros"]
[Date "2019.05.25"]
[Round "3.10"]
[White "Gombocz, Ferenc Jr."]
[Black "Srinath, Rao S.V."]
[Result "0-1"]
[WhiteElo "2214"]
[BlackElo "2395"]
[Annotator "NA"]
[PlyCount "90"]
[EventDate "2019.05.23"]
[EventType "swiss"]
[EventCountry "HUN"]
[SourceTitle "playchess.com"]
[Source "ChessBase"]
[SourceQuality "1"]
[TimeControl "40/5400+30:1800+30"]

1. c4 {[%emt 0:00:13]} c5 {[%emt 0:00:10]} 2. g3 {[%emt 0:00:18]} Nc6 {[%emt 0:00:04]} 3. Bg2 {[%emt 0:00:10]} g5 {[%emt 0:00:05]} 4. Nc3 {[%emt 0:00:35]} Bg7 {[%emt 0:00:09]} 5. e4 {[%emt 0:01:57]} d6 {[%emt 0:00:24]} 6. d3 {[%emt 0:00:29]} h6 {[%emt 0:00:14]} 7. Nge2 {[%emt 0:00:32]} Bg4 {[%emt 0:00:24]} 8. h3 {[%emt 0:02:10]} Bxe2 {[%emt 0:00:05]} 9. Nxe2 {[%emt 0:02:11]} e6 {[%emt 0:00:05]} 10. O-O {[%emt 0:00:45]} Nge7 {[%emt 0:00:10]} 11. f4 {[%emt 0:01:34]} gxf4 {[%emt 0:00:12]} 12. Nxf4 {[%emt 0:00:30]} Qd7 {[%emt 0:01:49]} 13. Kh2 {[%emt 0:04:28]} Be5 {[%emt 0:01:56]} 14. Qh5 {[%emt 0:03:10]} Ng8 {[%emt 0:02:17]} 15. Qd1 {[%emt 0:21:04]} O-O-O {[%emt 0:13:29]} 16. Rb1 {[%emt 0:02:52]} Nge7 {[%emt 0:02:57]} 17. a3 {[%emt 0:02:25]} Rdg8 {[%emt 0:01:45]} 18. b4 {[%emt 0:01:09]} Nd4 {[%emt 0:01:19]} 19. Bb2 {[%emt 0:01:32]} h5 {[%emt 0:02:39]} 20. Bxd4 {[%emt 0:02:34]} cxd4 {[%emt 0:00:41]} 21. Nxh5 {[%emt 0:04:00]} Rg5 {[%emt 0:02:10]} 22. Bf3 {[%emt 0:02:03]} Qe8 {[%emt 0:09:41]} 23. Rb2 {[%emt 0:05:03]} Qg8 {[%emt 0:05:54]} 24. Rg1 {[%emt 0:02:54]} Rhxh5 {[%emt 0:01:48]} 25. Bxh5 {[%emt 0:00:28]} Rxg3 {[%emt 0:00:04]} 26. Rxg3 {[%emt 0:00:20]} Qxg3+ {[%emt 0:00:04]} 27. Kh1 {[%emt 0:00:06]} Qxh3+ {[%emt 0:00:05]} 28. Kg1 {[%emt 0:00:12]} Bf4 {[%emt 0:00:06]} 29. Rf2 {[%emt 0:01:44]} Be3 {[%emt 0:00:24]} 30. Qf3 {[%emt 0:00:19]} Qxf3 {[%emt 0:05:58]} 31. Bxf3 {[%emt 0:00:06]} Ng6 {[%emt 0:02:24]} 32. Kf1 {[%emt 0:00:55]} Bxf2 {[%emt 0:01:20]} 33. Kxf2 {[%emt 0:00:05]} Nf4 {[%emt 0:00:02]} 34. Be2 {[%emt 0:00:40]} Kc7 {[%emt 0:09:42]} 35. Bf1 {[%emt 0:00:51]} Kc6 {[%emt 0:00:06]} 36. Kf3 {[%emt 0:00:13]} Ng6 {[%emt 0:00:03]} 37. b5+ {[%emt 0:02:44]} Kb6 {[%emt 0:03:05]} 38. Kg4 {[%emt 0:00:09]} f6 {[%emt 0:06:42]} 39. Kf3 {[%emt 0:06:07]} Kc5 {[%emt 0:01:11]} 40. Kg4 {[%emt 0:00:00]} Ne5+ {[%emt 0:00:00]} 41. Kf4 {[%emt 0:05:04]} Kb6 {[%emt 0:03:35]} 42. Kg3 {[%emt 0:00:37]} Ka5 {[%emt 0:00:19]} 43. Kf2 {[%emt 0:00:12]} Ka4 {[%emt 0:00:21]} 44. Ke2 {[%emt 0:00:06]} Nd7 {[%emt 0:01:12]} 45. Bh3 {[%emt 0:00:27]} Nc5 {[%emt 0:00:04]} 0-1

[Event "38th Barczay Memorial 2019"]
[Site "Zalakaros"]
[Date "2019.05.25"]
[Round "3.11"]
[White "Meszaros, Tamas"]
[Black "Bereczki, Janos"]
[Result "1/2-1/2"]
[WhiteElo "2385"]
[BlackElo "2090"]
[Annotator "NA"]
[PlyCount "82"]
[EventDate "2019.05.23"]
[EventType "swiss"]
[EventCountry "HUN"]
[SourceTitle "playchess.com"]
[Source "ChessBase"]
[SourceQuality "1"]
[TimeControl "40/5400+30:1800+30"]

1. e4 {[%emt 0:00:05]} c6 {[%emt 0:10:47]} 2. d4 {[%emt 0:01:08]} d5 {[%emt 0:00:26]} 3. e5 {[%emt 0:00:50]} Bf5 {[%emt 0:00:23]} 4. Nd2 {[%emt 0:00:19]} e6 {[%emt 0:01:46]} 5. Nb3 {[%emt 0:00:07]} Nd7 {[%emt 0:00:59]} 6. Nf3 {[%emt 0:00:07]} a6 {[%emt 0:01:05]} 7. Be2 {[%emt 0:00:48]} c5 {[%emt 0:03:30]} 8. dxc5 {[%emt 0:03:59]} Bxc5 {[%emt 0:02:42]} 9. Nxc5 {[%emt 0:11:47]} Nxc5 {[%emt 0:00:12]} 10. Be3 {[%emt 0:13:06]} Qc7 {[%emt 0:02:57]} 11. Nd4 {[%emt 0:20:23]} Ne7 {[%emt 0:06:16]} 12. f4 {[%emt 0:01:26]} Be4 {[%emt 0:01:04]} 13. O-O {[%emt 0:01:20]} Nf5 {[%emt 0:05:32]} 14. Nxf5 {[%emt 0:07:38]} exf5 {[%emt 0:10:09]} 15. c4 {[%emt 0:13:07]} dxc4 {[%emt 0:07:12]} 16. Bxc4 {[%emt 0:00:31]} b5 {[%emt 0:21:58]} 17. Bxf7+ {[%emt 0:06:36]} Kxf7 {[%emt 0:02:52]} 18. Rc1 {[%emt 0:01:57]} Rhd8 {[%emt 0:11:27]} 19. Rxc5 {[%emt 0:01:22]} Qd7 {[%emt 0:03:45]} 20. Qb3+ {[%emt 0:05:12]} Bd5 {[%emt 0:00:20]} 21. Qc3 {[%emt 0:01:09]} Rac8 {[%emt 0:02:21]} 22. Rd1 {[%emt 0:01:19]} Rxc5 {[%emt 0:00:23]} 23. Qxc5 {[%emt 0:03:36]} Qe6 {[%emt 0:00:22]} 24. Qc7+ {[%emt 0:03:30]} Rd7 {[%emt 0:00:35]} 25. Qc8 {[%emt 0:00:08]} Bc6 {[%emt 0:01:59]} 26. Rxd7+ {[%emt 0:00:57]} Qxd7 {[%emt 0:00:11]} 27. Qxd7+ {[%emt 0:00:29]} Bxd7 {[%emt 0:00:06]} 28. Kf2 {[%emt 0:00:14]} Ke6 {[%emt 0:00:59]} 29. Bc5 {[%emt 0:00:32]} Bc6 {[%emt 0:00:39]} 30. Bf8 {[%emt 0:00:18]} Kf7 {[%emt 0:00:25]} 31. Bd6 {[%emt 0:00:08]} Ke6 {[%emt 0:00:02]} 32. Kg3 {[%emt 0:00:42]} a5 {[%emt 0:00:53]} 33. Kh3 {[%emt 0:00:48]} Bd5 {[%emt 0:01:17]} 34. a3 {[%emt 0:00:11]} a4 {[%emt 0:00:25]} 35. g3 {[%emt 0:00:48]} Kf7 {[%emt 0:00:35]} 36. Kh4 {[%emt 0:00:29]} h6 {[%emt 0:00:35]} 37. h3 {[%emt 0:00:42]} g6 {[%emt 0:00:16]} 38. g4 {[%emt 0:00:20]} Be6 {[%emt 0:00:26]} 39. Kg3 {[%emt 0:00:11]} h5 {[%emt 0:00:38]} 40. gxh5 {[%emt 0:00:00]} gxh5 {[%emt 0:00:00]} 41. Kf3 {[%emt 0:00:51]} Bc4 {[%emt 0:00:42] Ke4} 1/2-1/2

[Event "38th Barczay Memorial 2019"]
[Site "Zalakaros"]
[Date "2019.05.26"]
[Round "4.1"]
[White "Almasi, Istvan"]
[Black "Kantor, Gergely"]
[Result "1/2-1/2"]
[WhiteElo "2407"]
[BlackElo "2516"]
[Annotator "TA"]
[PlyCount "54"]
[EventDate "2019.05.23"]
[EventType "swiss"]
[EventCountry "HUN"]
[SourceTitle "playchess.com"]
[Source "ChessBase"]
[SourceQuality "1"]

{[%evp 12,54,0,-20,-2,-8,-28,-40,0,0,0,0,0,0,0,0,0,0,0,0,0,0,4,14,15,0,18,27,16,-20,-20,-18,-16,-11,-20,-17,-13,-18,-12,-15,-9,-18,0,0,0]} 1. Nf3 ({Predecessor:} 1. d4 Nf6 2. c4 e6 3. g3 d5 4. Nf3 dxc4 5. Bg2 c6 6. O-O b5 7. Ne5 Bb7 8. a4 a6 {1-0 (42) Garus,E (2139)-Neuburger,E GER email 2017}) 1... d5 2. d4 Nf6 3. c4 e6 4. Nc3 c6 5. g3 dxc4 6. Ne5 b5 7. Bg2 a6 {E04: Open Catalan: 5 Nf3} 8. O-O Bb7 9. a4 Be7 $146 {Black is slightly better.} (9... Qc8 {seems wilder.} 10. Bf4 Be7 11. e3 Nbd7 12. Bg5 h6) (9... Qc8 10. e4 Nbd7 11. f4 Be7 12. f5 exf5 13. Rxf5 b4 14. Nxd7 Nxd7 15. Nb1 O-O 16. a5 {0-1 (34) Piorun,K (2631)-Duda,J (2731) Poland 2018}) 10. axb5 axb5 11. Rxa8 Bxa8 12. Nxb5 cxb5 13. Bxa8 O-O 14. Bg2 Nd5 15. Bd2 Qc7 16. e4 Nf6 17. Bf4 {[#] Black must now prevent Ng6!} Bd6 18. Qf3 Rc8 19. Bh3 Re8 20. Rc1 {The position is equal.} Nc6 21. Nxc6 {[#] Strongly threatening Ne5.} Bxf4 22. Qxf4 Qxc6 23. Bg2 Qb6 24. Qd2 Rd8 25. d5 exd5 26. exd5 Nd7 27. b3 Ne5 {Accuracy: White = 68%, Black = 67%.} 1/2-1/2

[Event "38th Barczay Memorial 2019"]
[Site "Zalakaros"]
[Date "2019.05.26"]
[Round "4.2"]
[White "Bokros, Albert"]
[Black "Persanyi, Barnabas"]
[Result "1-0"]
[WhiteElo "2461"]
[BlackElo "2404"]
[Annotator "TA"]
[PlyCount "87"]
[EventDate "2019.05.23"]
[EventType "swiss"]
[EventCountry "HUN"]
[SourceTitle "playchess.com"]
[Source "ChessBase"]
[SourceQuality "1"]

{[%evp 17,87,18,29,-7,-15,-22,17,-14,-29,-27,-13,-29,-20,-16,-22,-21,0,-18,-6,-9,-14,-13,0,-21,0,-3,8,8,9,6,12,0,0,0,0,0,-2,-2,0,2,0,-11,0,0,0,0,0,0,0,0,0,0,16,17,18,18,25,4,288,285,266,272,630,400,363,0,546,534,741,713,1243,1211]} 1. e4 e5 2. Nf3 Nc6 3. Bb5 a6 4. Ba4 Nf6 5. d3 d6 6. c3 g6 7. O-O Bg7 8. Re1 O-O 9. Nbd2 Nd7 10. Bxc6 {C77: Ruy Lopez: 3...a6 4 Ba4 Nf6, unusual lines} (10. Nf1 Nc5 11. Bxc6 bxc6 12. d4 exd4 13. cxd4 Ne6 14. Ng3 c5 15. dxc5 Nxc5 16. Bg5 Qe8 17. Qd2 Bg4 18. Bh6 Bxf3 19. Bxg7 Kxg7 20. gxf3 {1-0 (52) Anand,V (2759)-Caruana,F (2816) Leuven 2018}) 10... bxc6 11. d4 Re8 $146 ({Predecessor:} 11... c5 12. dxe5 Nxe5 13. Nxe5 Bxe5 14. Nf3 Bg7 15. Bg5 Qd7 16. e5 d5 17. Qd2 Bb7 {½-½ (32) Muzychuk,A (2572)-Atalik,E (2445) Kocaeli 2017}) 12. dxe5 {The position is equal.} Nxe5 13. Nxe5 Bxe5 14. h3 Bg7 15. Nf3 Rb8 16. Qc2 Be6 17. Bg5 Qd7 18. b4 {[#]} a5 $1 {[%mdl 512]} 19. a3 (19. bxa5 Ra8) 19... Ra8 20. Qd3 axb4 21. axb4 Qc8 22. Be3 Qb7 23. Bd4 f6 24. Be3 Qb5 25. Qd2 Qc4 26. Nd4 Bf7 27. f3 Ra6 28. Rxa6 Qxa6 29. Bh6 Ra8 30. Bxg7 Kxg7 31. f4 Re8 32. Nf3 Qc4 33. e5 fxe5 34. fxe5 Qd5 35. Qf4 dxe5 $1 36. Nxe5 Re7 37. Re3 {Threatening Ng4.} c5 $2 {[%mdl 8192]} (37... Qd6 $11) 38. Ng4 $18 {[#] White threatens Qh6+ and mate.} Re6 39. Rf3 (39. Qxc7 Qd1+ 40. Kh2 Qd6+ 41. Qxd6 Rxd6 $16) 39... Ra6 $2 (39... Bg8 40. Qxc7+ Kh8) 40. Qh6+ Kg8 {intending ...cxb4.} 41. Qf4 $2 ({Don't take} 41. Nf6+ Rxf6 42. Rxf6 cxb4 $18) (41. Qc1 $18 g5 42. Nf6+ Rxf6 43. Rxf6) 41... cxb4 $2 {[%mdl 8192]} (41... Kg7 $1 $11 {and Black has nothing to worry.}) 42. cxb4 {White is clearly winning.} g5 43. Qxc7 {Black must now prevent Qc8+.} Qd1+ 44. Rf1 {Accuracy: White = 65%, Black = 38%.} 1-0